Statistics for Every NFL Conference and Division Ever

Click here to take the quiz!

General Stats

  • This quiz has been taken 16 times
  • The average score is 9 of 16

Answer Stats

Answer% Correct
AFC
100%
East Division
100%
West Division
100%
NFC
100%
North Division
100%
South Division
93%
Central Division
80%
American Conference
53%
National Conference
53%
Eastern Division
33%
Western Division
33%
Eastern Conference
33%
Western Conference
33%
Capital Division
13%
Century Division
7%
Coastal Division
7%

Score Distribution

Percentile by Number Answered

Percent of People with Each Score

Your Score History

You have not taken this quiz